| 000 | 004320000a22001690004500 | ||
|---|---|---|---|
| 003 | MACL | ||
| 005 | 20160121114314.0 | ||
| 008 | 160121b xxu||||| |||| 00| 0 eng d | ||
| 040 |
_aMACL _cmacl |
||
| 041 | _aEnglish | ||
| 082 | _a374.22 | ||
| 100 |
_aSachceva, S K _933819 |
||
| 245 | _aGroup Discussions and Interviews | ||
| 260 |
_bSudha Publications _c2001 _aNew Delhi |
||
| 650 |
_aEducation _933820 |
||
| 942 |
_cBK _k374/Sac _2ddc |
||
| 999 |
_c33092 _d33092 |
||